Antiguos pasaportes de la Real Armada : (Record no. 181643)

MARC details
000 -LEADER
campo de control de longitud fija 01009nam a2200265 i 4500
001 - NÚMERO DE CONTROL
campo de control 181643
003 - IDENTIFICADOR DE NÚMERO DE CONTROL
campo de control ES-MaACL
005 - FECHA Y HORA DE LA ÚLTIMA TRANSACCIÓN
campo de control 20250824085121.0
008 - DATOS DE LONGITUD FIJA--INFORMACIÓN GENERAL
campo de control de longitud fija 130227s1978 sp r |||| | spa d
020 ## - NÚMERO INTERNACIONAL ESTÁNDAR DEL LIBRO
Número Internacional Estándar del Libro 84-400-3918-2
080 ## - NÚMERO DE LA CLASIFICACIÓN DECIMAL UNIVERSAL
Número de la Clasificación Decimal Universal 351.755.61(46)"17/18"
080 ## - NÚMERO DE LA CLASIFICACIÓN DECIMAL UNIVERSAL
Número de la Clasificación Decimal Universal 92(46):359
080 ## - NÚMERO DE LA CLASIFICACIÓN DECIMAL UNIVERSAL
Número de la Clasificación Decimal Universal 359:92(46)
245 00 - MENCIÓN DEL TÍTULO
Título Antiguos pasaportes de la Real Armada :
Resto del título los publica la Sociedad de Bibliófilos Españoles ; con una introducción por... Enrique Barbudo Duarte.
260 ## - PUBLICACIÓN, DISTRIBUCIÓN, ETC.
Lugar de publicación, distribución, etc. Madrid :
Nombre del editor, distribuidor, etc. Sociedad de Bibliófilos Españoles,
Fecha de publicación, distribución, etc. 1978.
300 ## - DESCRIPCIÓN FÍSICA
Extensión XVI p., 95 h. ;
Dimensiones 26 cm.
490 1# - MENCIÓN DE SERIE
Mención de serie Sociedad de Bibliófilos Españoles. Tercera época ;
Designación de volumen o secuencia 10
650 #4 - PUNTO DE ACCESO ADICIONAL DE MATERIA--TÉRMINO DE MATERIA
Término de materia o nombre geográfico como elemento de entrada Pasaportes-
Subdivisión geográfica España-
Subdivisión de forma Historia.
9 (RLIN) 152398
650 #4 - PUNTO DE ACCESO ADICIONAL DE MATERIA--TÉRMINO DE MATERIA
Término de materia o nombre geográfico como elemento de entrada Marinos-
Subdivisión geográfica España.
9 (RLIN) 147910
700 1# - ENTRADA AGREGADA--NOMBRE PERSONAL
Nombre de persona Barbudo Duarte, Enrique.
9 (RLIN) 25485
710 2# - ENTRADA AGREGADA--NOMBRE DE ENTIDAD CORPORATIVA
Nombre de entidad corporativa o nombre de jurisdicción como elemento de entrada Sociedad de Bibliófilos Españoles.
9 (RLIN) 6661
830 10 - PUNTO DE ACCESO ADICIONAL DE SERIE-TÍTULO UNIFORME
Título uniforme Sociedad de Bibliófilos Españoles. Tercera época
Designación de volumen o secuencia 10
9 (RLIN) 191518
852 4# - LOCALIZACIÓN
Ubicación ES-MaACL
Número de control de estantería J-7(III-10)
Holdings
Estatus retirado Estado de pérdida Estado de daño No para préstamo Biblioteca de origen Biblioteca actual Ubicación en estantería Fecha de adquisición Fuente de adquisición Total de préstamos Signatura topográfica completa Código de barras Visto por última vez Precio de reemplazo Tipo de ítem Koha
        Biblioteca del Ateneo de Madrid Biblioteca del Ateneo de Madrid Depósito 2 27/02/2013     J-7(III-10) 1190891 23/02/2023 23/02/2023 Libro impreso